The folds of insurgency / (Record no. 28080)

MARC details
000 -LEADER
fixed length control field 01031nam a2200265 a 4500
005 - DATE AND TIME OF LATEST TRANSACTION
control field 20090706154759.0
008 - FIXED-LENGTH DATA ELEMENTS--GENERAL INFORMATION
fixed length control field 010625s2001 ii b 000 0 eng
010 ## - LCCN (DPL NO)
LC control number ENG-94327
020 ## - INTERNATIONAL STANDARD BOOK NUMBER
Terms of availability 495.00
International Standard Book Number 9788170493310
035 ## - SYSTEM CONTROL NUMBER
System control number EN-77860
037 ## - SOURCE OF ACQUISITION
Source of stock number/acquisition DBAD / PUB
040 ## - CATALOGING SOURCE
Original cataloging agency dpl
Language of cataloging English
082 ## - DEWEY DECIMAL CLASSIFICATION NUMBER
Classification number 954.51
100 ## - MAIN ENTRY--PERSONAL NAME
Personal name Maheshwari, A.P.
245 ## - TITLE STATEMENT
Title The folds of insurgency /
Statement of responsibility, etc by A.P. Maheshwari; foreword by Prakash Singh
260 ## - PUBLICATION, DISTRIBUTION, ETC. (IMPRINT)
Place of publication, distribution, etc New Delhi
Name of publisher, distributor, etc Manas Publications
Date of publication, distribution, etc 2008
270 ## - ADDRESS
Address 4402/5A, Main Ansari Road, (Opp. HDFC Bank) Daryaganj
City New Delhi
Postal code 110002
300 ## - PHYSICAL DESCRIPTION
Extent 275p.
Dimensions 23cm(Hb)
500 ## - GENERAL NOTE
General note Includes index
650 ## - SUBJECT ADDED ENTRY--TOPICAL TERM
Topical term or geographic name as entry element Insurgency
Geographic subdivision India
-- Assam
650 ## - SUBJECT ADDED ENTRY--TOPICAL TERM
Topical term or geographic name as entry element United Libration Front of Assam
General subdivision History
651 ## - SUBJECT ADDED ENTRY--GEOGRAPHIC NAME
Geographic name India, Northeastern
General subdivision Politics and government
942 ## - ADDED ENTRY ELEMENTS (KOHA)
Source of classification or shelving scheme Dewey Decimal Classification
Item type English Books
Call number suffix MAH
Classification part 954.51
Holdings
Withdrawn status Lost status Source of classification or shelving scheme Damaged status Not for loan Collection code Home library Current library Date acquired Source of acquisition Cost, normal purchase price Total Checkouts Full call number Barcode Date last seen Copy number Cost, replacement price Koha item type
    Dewey Decimal Classification   Not For Loan Non-fiction D.B.Act.Division D.B.Act.Division 06/07/2009 DBAD / PUB 495.00   954.51 MAH EN-77860 06/07/2009 1 495.00 English Books

© Delhi Public Library
Hit Counter
free hit counter